000 00859cam a22002533a 4500
001 2572
003 PGUSA
005 20140828083016.0
008 040915s2004||||xxu|||||s|||||000 e eng d
040 _aPGUSA
_beng
042 _adc
050 4 _aPS
100 1 _aTwain, Mark,
_d1835-1910
245 1 0 _aOn the Decay of the Art of Lying
_h[electronic resource] /
_cMark Twain
260 _bProject Gutenberg,
_c2004
500 _aEssay, for discussion, read at a meeting of the Historical and Antiquarian Club of Hartford, and offered for the thirty-dollar prize. (Did not take the prize.)
506 _aPublic domain in the USA.
516 _aElectronic text
653 _aAmerican essays -- 19th century
653 _aTruthfulness and falsehood
830 0 _aProject Gutenberg
_v2572
856 4 0 _uhttp://www.gutenberg.org/ebooks/2572
942 _cEB
999 _c231909
_d231909